<?xml version="1.0" encoding="UTF-8"?>
<record
    xmlns:xsi="http://www.w3.org/2001/XMLSchema-instance"
    xsi:schemaLocation="http://www.loc.gov/MARC21/slim http://www.loc.gov/standards/marcxml/schema/MARC21slim.xsd"
    xmlns="http://www.loc.gov/MARC21/slim">

  <leader>01058    a2200265   4500</leader>
  <datafield tag="010" ind1=" " ind2=" ">
    <subfield code="a">ENG-85634</subfield>
  </datafield>
  <datafield tag="020" ind1=" " ind2=" ">
    <subfield code="a">0195679563</subfield>
    <subfield code="c">657.00</subfield>
  </datafield>
  <datafield tag="035" ind1=" " ind2=" ">
    <subfield code="a">EN-69167</subfield>
  </datafield>
  <datafield tag="082" ind1="1" ind2="4">
    <subfield code="a">954</subfield>
  </datafield>
  <datafield tag="090" ind1=" " ind2=" ">
    <subfield code="c">3249</subfield>
    <subfield code="d">3249</subfield>
  </datafield>
  <datafield tag="245" ind1="1" ind2=" ">
    <subfield code="a">From the colonial to the postcolonial</subfield>
    <subfield code="b">India and Pakistan in transition</subfield>
    <subfield code="c">edited by Dipesh Chakrabarty, Rochona Majumdar, and Andrew Sartori.</subfield>
  </datafield>
  <datafield tag="260" ind1=" " ind2=" ">
    <subfield code="a">New Delhi</subfield>
    <subfield code="b">Oxford University Press</subfield>
    <subfield code="c">2007.</subfield>
  </datafield>
  <datafield tag="300" ind1=" " ind2=" ">
    <subfield code="a">xii, 369 p.</subfield>
    <subfield code="c">23 cm. (Hb.)</subfield>
  </datafield>
  <datafield tag="520" ind1=" " ind2=" ">
    <subfield code="a">Contributed articles presented in a conference organized at the University of Chicago in April 2005.</subfield>
  </datafield>
  <datafield tag="650" ind1=" " ind2="0">
    <subfield code="a">Postcolonialism</subfield>
    <subfield code="z">India</subfield>
  </datafield>
  <datafield tag="650" ind1=" " ind2="0">
    <subfield code="a">Postcolonialism</subfield>
    <subfield code="z">Pakistan</subfield>
  </datafield>
  <datafield tag="651" ind1=" " ind2="0">
    <subfield code="a">South Asia</subfield>
    <subfield code="x">History</subfield>
    <subfield code="y">20th century</subfield>
  </datafield>
  <datafield tag="651" ind1=" " ind2="0">
    <subfield code="a">India</subfield>
    <subfield code="x">Politics and government</subfield>
    <subfield code="y">1947-</subfield>
  </datafield>
  <datafield tag="651" ind1=" " ind2="0">
    <subfield code="a">Pakistan</subfield>
    <subfield code="x">Politics and government</subfield>
    <subfield code="y">20th century</subfield>
  </datafield>
  <datafield tag="700" ind1="1" ind2=" ">
    <subfield code="a">Chakrabarty, Dipesh.</subfield>
  </datafield>
  <datafield tag="700" ind1="1" ind2=" ">
    <subfield code="a">Majumdar, Rochona.</subfield>
  </datafield>
  <datafield tag="700" ind1="1" ind2=" ">
    <subfield code="a">Sartori, Andrew,</subfield>
    <subfield code="d">1969-</subfield>
  </datafield>
  <datafield tag="942" ind1=" " ind2=" ">
    <subfield code="a">dpl</subfield>
    <subfield code="c">EN</subfield>
    <subfield code="k">954 / FRO</subfield>
  </datafield>
  <datafield tag="999" ind1=" " ind2=" ">
    <subfield code="c">3186</subfield>
    <subfield code="d">3186</subfield>
  </datafield>
  <datafield tag="952" ind1=" " ind2=" ">
    <subfield code="0">0</subfield>
    <subfield code="1">0</subfield>
    <subfield code="2">ddc</subfield>
    <subfield code="4">0</subfield>
    <subfield code="7">1</subfield>
    <subfield code="8">NFIC</subfield>
    <subfield code="a">DBAD</subfield>
    <subfield code="b">DBAD</subfield>
    <subfield code="e">DBAD/PUB</subfield>
    <subfield code="g">657.00</subfield>
    <subfield code="l">0</subfield>
    <subfield code="o">954</subfield>
    <subfield code="p">EN-69167</subfield>
    <subfield code="r">2008-09-15 00:00:00</subfield>
    <subfield code="t">1</subfield>
    <subfield code="u">3393</subfield>
    <subfield code="v">657.00</subfield>
    <subfield code="w">2008-09-15</subfield>
    <subfield code="y">EN</subfield>
  </datafield>
</record>
